| 000 | 01073cam a22002531i 4500 | ||
|---|---|---|---|
| 003 | SA-RiAUC | ||
| 005 | 20250710065753.0 | ||
| 008 | 250427s1938 tu g 000 0 ara c | ||
| 040 |
_aJO-AmWISE _bara _cSA-RiAUC _erda |
||
| 082 | 0 | 4 |
_a247.9 _qSA-RiAUC |
| 090 |
_a247.9 _bد ي ل |
||
| 100 | 1 |
_aالديلمي، محمد بن الحسن اليماني، _dتوفي 711 هجري _eمؤلف. |
|
| 245 | 1 | 0 |
_aبيان مذهب الباطنية وبطلانه : _bمنقول من كتاب قواعد عقائد آل محمد / _cمحمد بن الحسن الديلمي. |
| 250 | _aالطبعة الأولى. | ||
| 264 | 1 |
_aإسطنبول، تركيا : _bجمعية المستشرقين الألمان، _c1938 |
|
| 300 |
_a137 صفحة؛ _c24 سم. |
||
| 336 |
_aنص _btxt _2rdacontent _3كتاب |
||
| 337 |
_aبدون وسيط _bn _2rdamedia |
||
| 338 |
_aمجلد _bnc _2rdacarrier |
||
| 650 | 7 |
_aالباطنية (فرقة إسلامية) _2aucsh |
|
| 740 | 0 | 2 | _aقواعد عقائد آل محمد. |
| 942 |
_2ddc _cBOOK _n0 |
||
| 949 |
_aSA-JeALM _d250427 _umohamedma123 _n1 |
||
| 999 |
_c9716 _d9716 |
||